[Event "IND-ch U13 Girls 31st"]
[Site "Jalandhar"]
[Date "2017.06.21"]
[Round "1"]
[White "Kannan, Jain"]
[Black "Mrudul, Dehankar"]
[Result "0-1"]
[WhiteElo "1151"]
[BlackElo "1942"]
[PlyCount "78"]
[EventDate "2017.06.21"]
[EventType "swiss"]
[EventRounds "11"]
[EventCountry "IND"]
[SourceTitle "CBM 179 Extra"]
[Source "ChessBase"]
[SourceDate "2017.08.23"]
[SourceVersion "1"]
[SourceVersionDate "2017.08.23"]
[SourceQuality "1"]

1. e4 c5 2. Nf3 g6 3. d4 cxd4 4. Nxd4 Bg7 5. Nc3 Nc6 6. Nxc6 bxc6 7. Bc4 Qc7 8. Qf3 Nf6 9. 0-0 0-0 10. Bb3 d6 11. Re1 Nd7 12. Bf4 Nc5 13. h3 e5 14. Be3 Nxb3 15. axb3 Be6 16. Ra6 Bc8 17. Ra4 a6 18. Rea1 Bb7 19. Rc4 Qe7 20. Rca4 Rad8 21. Rd1 f5 22. Qe2 d5 23. exd5 cxd5 24. Bb6 Rd7 25. Ba5 Rc8 26. Bb4 Qf7 27. Raa1 d4 28. Na4 Rdc7 29. Rd2 Bh6 30. Rdd1 a5 31. Bxa5 Qd5 32. f3 Qxa5 33. Nc3 Qc5 34. Na4 d3+ 35. Kf1 dxe2+ 36. Kxe2 Qe3+ 37. Kf1 Rxc2 38. Rd2 Ba6+ 39. Rd3 Bxd3# 0-1